Automarken - Statistics

General Stats
  • This quiz has been taken 482 times
    93 since last reset
  • The average score is 32 of 66
Answer Stats
Hint Answer % Correct
Germany Audi
98%
Italy Ferrari
97%
Germany Mercedes
97%
Germany BMW
95%
USA Ford
89%
Germany Porsche
89%
Italy Lamborghini
88%
Germany VW
88%
France Peugeot
82%
Japan Toyota
82%
Italy Fiat
80%
Germany Opel
77%
South Korea Hyundai
76%
Czech Republic Skoda
76%
Japan Honda
74%
Sweden Volvo
73%
USA Chevrolet
71%
France Renault
70%
France Bugatti
68%
UK Bentley
64%
France Citroën
64%
Spain SEAT
62%
Italy Alfa Romeo
61%
Japan Nissan
61%
Romania Dacia
56%
USA Dodge
56%
South Korea Kia
56%
Japan Suzuki
56%
UK Rolls-Royce
53%
China BYD
52%
UK Land Rover
52%
Russia Lada
47%
Japan Mitsubishi
47%
UK Aston Martin
45%
UK McLaren
44%
USA Tesla
44%
Spain Cupra
42%
Japan Subaru
42%
UK Jaguar
41%
Italy Maserati
41%
UK Mini
41%
USA Cadillac
39%
Sweden Koenigsegg
38%
Japan Mazda
38%
Italy Pagani
36%
USA Jeep
33%
Japan Lexus
33%
Germany Smart
33%
USA Chrysler
32%
USA GM
29%
USA RAM
29%
France Alpine
24%
UK Lotus
24%
Italy Lancia
23%
Sweden Polestar
17%
Japan Infiniti
15%
South Korea Genesis
12%
China MG
12%
USA Hummer
11%
Japan Isuzu
9%
France DS Automobiles
5%
China XPeng
5%
China GWM
2%
China Lynk&Co
2%
South Korea KGM
0%
China SAIC Motor
0%
No matching quizzes found
Score Distribution
Percent of People with Each Score
Percentile by Number Answered
Your Score History
You have not taken this quiz since the last reset